000 00446nam a2200205Ia 4500
001 17489
003 GE_BSU
008 181216s||||||||xx |||||||||||||| ||und||
020 _a0521775299
040 _cGE_BSU
080 _a339.1
100 _aMascull, Bill
245 _aBusiness vocabulary in Use.
260 _aCambridge
260 _c2002
300 _a171p.
541 _h7 Gel.
653 _aBusiness vocabulary in Use.
942 _cBK
999 _c50540
_d50540